000 00706nam a2200205Ia 4500
003 GCL
008 140319s9999 xx 000 0 ara d
020 _a9173099906
040 _aGCL /
_cGCL
082 0 4 _aد
_b050
_bك ت
100 1 _aكيرلانسكى, مارك
245 1 0 _aتاريخ الملح فى العالم ( عالم المعرفة 320) /
_cكيرلانسكى, مارك
250 _aالاولى
260 _aالكويت :
_bالمجلس الوطنى للثقافة والفنون والاداب ،
_c2005
300 _a358 ص ؛
_c21 سم
490 _aعالم المعرفة
_v320
650 0 4 _aملح الطعام - تاريخ
650 0 4 _aملح الطعام
942 _2ddc
_cBK
999 _c7763
_d7763